Valtioita omilla kielillään - Statistics

Yleistilastot
  • Tätä visaa on pelattu 1 101 kertaa
  • Keskiarvotulos 16 / 24
Vastaustilastot
Paikallinen nimi Suomeksi % Oikein
Deutschland Saksa
98%
España Espanja
97%
Ísland Islanti
97%
Polska Puola
97%
Nederland  Alankomaat
96%
Schweiz Sveitsi
93%
Česká Republika Tšekki
92%
Norge Norja
91%
Civitas Vaticana Vatikaanivaltio
89%
Rossija Venäjä
89%
Mongol Uls Mongolia
87%
Österreich Itävalta
80%
Kampuchea Kambodža
68%
Éire Irlanti
64%
Hrvatska Kroatia
57%
Ityop'iya Etiopia
49%
Nihon Japani
48%
Magyarország Unkari
46%
Elláda Kreikka
31%
Shqipëria Albania
24%
Al-Jazā'ir Algeria
23%
Bhārat Intia
22%
Aotearoa Uusi-Seelanti
22%
Miṣr Egypti
12%
Ehtoja vastaavia visoja ei löytynyt
Tulosjakauma
Jokaisen tuloksen saaneiden osuus
Persentiili vastausten määrän mukaan
Tuloshistoriasi
Et ole pelannut tätä visaa